The Law of Disposal of Property: (Record no. 613297)
[ view plain ]
| 000 -LEADER | |
|---|---|
| fixed length control field | 00362nam a22001337a 4500 |
| 082 ## - DEWEY DECIMAL CLASSIFICATION NUMBER | |
| Classification number | 345.549105 |
| Author Mark | ALI |
| 100 ## - MAIN ENTRY--PERSONAL NAME | |
| Personal name | Ali, Ch. Asghar |
| 245 ## - TITLE STATEMENT | |
| Title | The Law of Disposal of Property: |
| Remainder of title | qanun-e-superdari / |
| Statement of responsibility, etc. | Ch. Asghar Ali |
| 260 ## - PUBLICATION, DISTRIBUTION, ETC. | |
| Date of publication, distribution, etc. | 2018. |
| 300 ## - PHYSICAL DESCRIPTION | |
| Extent | 407 p. |
| 563 ## - BINDING INFORMATION | |
| Binding note | HB. |
| 650 ## - SUBJECT ADDED ENTRY--TOPICAL TERM | |
| Topical term or geographic name entry element | Law, Law of Disposal of Property |
| 942 ## - ADDED ENTRY ELEMENTS (KOHA) | |
| Source of classification or shelving scheme | |
| Koha item type | Book |
| 650 ## - SUBJECT ADDED ENTRY--TOPICAL TERM | |
| -- | 128275 |
| Withdrawn status | Lost status | Source of classification or shelving scheme | Damaged status | Not for loan | Permanent Location | Current Location | Date acquired | Total Checkouts | Full call number | Barcode | Date last seen | Price effective from | Koha item type |
|---|---|---|---|---|---|---|---|---|---|---|---|---|---|
| NUST Law School (NLS) | NUST Law School (NLS) | 03/13/2025 | 345.549105 ALI | NLS-1209 | 03/13/2025 | 03/13/2025 | Book | ||||||
| NUST Law School (NLS) | NUST Law School (NLS) | 03/13/2025 | 345.549105 ALI | NLS-1210 | 03/13/2025 | 03/13/2025 | Book | ||||||
| NUST Law School (NLS) | NUST Law School (NLS) | 03/13/2025 | 345.549105 ALI | NLS-1211 | 03/13/2025 | 03/13/2025 | Book |
